<?xml version="1.0" encoding="UTF-8"?>
<record
    xmlns:xsi="http://www.w3.org/2001/XMLSchema-instance"
    xsi:schemaLocation="http://www.loc.gov/MARC21/slim http://www.loc.gov/standards/marcxml/schema/MARC21slim.xsd"
    xmlns="http://www.loc.gov/MARC21/slim">

  <leader>01904cam a2200385 a 4500</leader>
  <controlfield tag="001">he 68003358 </controlfield>
  <controlfield tag="003">DLC</controlfield>
  <controlfield tag="005">20260227111505.0</controlfield>
  <controlfield tag="008">910313r19661870is            00010 heb  </controlfield>
  <datafield tag="010" ind1=" " ind2=" ">
    <subfield code="a">he 68003358 </subfield>
  </datafield>
  <datafield tag="035" ind1=" " ind2=" ">
    <subfield code="a">(CStRLIN)DCLH91-B720</subfield>
  </datafield>
  <datafield tag="040" ind1=" " ind2=" ">
    <subfield code="a">DLC-R</subfield>
    <subfield code="c">DLC-R</subfield>
    <subfield code="d">DLC-R</subfield>
    <subfield code="d">DLC</subfield>
  </datafield>
  <datafield tag="050" ind1="0" ind2="0">
    <subfield code="a">BM522.21</subfield>
    <subfield code="b">.L4 1966</subfield>
  </datafield>
  <datafield tag="066" ind1=" " ind2=" ">
    <subfield code="c">(2</subfield>
  </datafield>
  <datafield tag="100" ind1="0" ind2=" ">
    <subfield code="6">880-01</subfield>
    <subfield code="a">Aleksander Sender,</subfield>
    <subfield code="d">-1818.</subfield>
  </datafield>
  <datafield tag="240" ind1="1" ind2="0">
    <subfield code="6">880-02</subfield>
    <subfield code="a">Zikhron devarim</subfield>
  </datafield>
  <datafield tag="245" ind1="1" ind2="0">
    <subfield code="6">880-03</subfield>
    <subfield code="a">Sefer Zikhron devarim :</subfield>
    <subfield code="b">derushim nifla&#x2BC;im, be&#x2BC;urim u-ferushim bi-fesu&#x1E33;e Tanakh u-midreshe &#x1E24;azal, be&#x2BC;urim ba-Rambam uve-Z. ha-&#x1E33;. /</subfield>
    <subfield code="c">she-&#x1E25;ibber Aleksander Sender.</subfield>
  </datafield>
  <datafield tag="260" ind1=" " ind2=" ">
    <subfield code="6">880-04</subfield>
    <subfield code="a">Yerushalayim :</subfield>
    <subfield code="b">Be-hots&#x2BC;ot ha-Yeshivah "Hekhal ha-berakhah-&#x1E7F;e-Dame&#x15B;e&#x1E33; Eli&#x2BB;ezer",</subfield>
    <subfield code="c">1879 [1966 or 1967]</subfield>
  </datafield>
  <datafield tag="300" ind1=" " ind2=" ">
    <subfield code="a">2 v.  ;</subfield>
    <subfield code="c">20-23 cm.</subfield>
  </datafield>
  <datafield tag="500" ind1=" " ind2=" ">
    <subfield code="a">Cover title: Zikhron devarim.</subfield>
  </datafield>
  <datafield tag="500" ind1=" " ind2=" ">
    <subfield code="a">Vol. 2 published: Prezemishel : Deru&#x1E33; des A. Zafni&#x1E33; e&#x1E6D;. &#x1E32;naller, 1879.</subfield>
  </datafield>
  <datafield tag="500" ind1=" " ind2=" ">
    <subfield code="a">Vol. 1 published: 727.</subfield>
  </datafield>
  <datafield tag="500" ind1=" " ind2=" ">
    <subfield code="a">Vol. 2 includes material by Isaac Judah Jehiel Safrin.</subfield>
  </datafield>
  <datafield tag="500" ind1=" " ind2=" ">
    <subfield code="a">Vol. 1 originally published: Levov, 731 [1870 or 1871].</subfield>
  </datafield>
  <datafield tag="650" ind1=" " ind2="0">
    <subfield code="a">Responsa</subfield>
    <subfield code="y">1800-1948.</subfield>
  </datafield>
  <datafield tag="650" ind1=" " ind2="0">
    <subfield code="a">Cabala.</subfield>
  </datafield>
  <datafield tag="700" ind1="1" ind2=" ">
    <subfield code="6">880-05</subfield>
    <subfield code="a">Safrin, Isaac Judah Jehiel,</subfield>
    <subfield code="d">1806-1874.</subfield>
  </datafield>
  <datafield tag="740" ind1="0" ind2=" ">
    <subfield code="6">880-06</subfield>
    <subfield code="a">Zikhron devarim.</subfield>
  </datafield>
  <datafield tag="880" ind1="0" ind2=" ">
    <subfield code="6">100-01/(2/r</subfield>
    <subfield code="a">&#x5D0;&#x5DC;&#x5DB;&#x5E1;&#x5E0;&#x5D3;&#x5E8;.</subfield>
  </datafield>
  <datafield tag="880" ind1="1" ind2="0">
    <subfield code="6">240-02/(2/r</subfield>
    <subfield code="a">&#x5D6;&#x5DB;&#x5E8;&#x5D5;&#x5DF; &#x5D3;&#x5D1;&#x5E8;&#x5D9;&#x5DD;</subfield>
  </datafield>
  <datafield tag="880" ind1="1" ind2="0">
    <subfield code="6">245-03/(2/r</subfield>
    <subfield code="a">&#x5E1;&#x5E4;&#x5E8; &#x5D6;&#x5DB;&#x5E8;&#x5D5;&#x5DF; &#x5D3;&#x5D1;&#x5E8;&#x5D9;&#x5DD; :</subfield>
    <subfield code="b">&#x5D3;&#x5E8;&#x5D5;&#x5E9;&#x5D9;&#x5DD; &#x5E0;&#x5E4;&#x5DC;&#x5D0;&#x5D9;&#x5DD;, &#x5D1;&#x5D9;&#x5D0;&#x5D5;&#x5E8;&#x5D9;&#x5DD; &#x5D5;&#x5E4;&#x5D9;&#x5E8;&#x5D5;&#x5E9;&#x5D9;&#x5DD; &#x5D1;&#x5E4;&#x5E1;&#x5D5;&#x5E7;&#x5D9; &#x5EA;&#x5E0;&#x5F4;&#x5DA; &#x5D5;&#x5DE;&#x5D3;&#x5E8;&#x5E9;&#x5D9; &#x5D7;&#x5D6;&#x5F4;&#x5DC;, &#x5D1;&#x5D9;&#x5D0;&#x5D5;&#x5E8;&#x5D9;&#x5DD; &#x5D1;&#x5E8;&#x5DE;&#x5D1;&#x5F4;&#x5DD; &#x5D5;&#x5D1;&#x5D6;&#x5D5;&#x5D4;&#x5F4;&#x5E7; /</subfield>
    <subfield code="c">&#x5E9;&#x5D7;&#x5D9;&#x5D1;&#x5E8; &#x5D0;&#x5DC;&#x5DB;&#x5E1;&#x5E0;&#x5D3;&#x5E8; &#x5E1;&#x5E0;&#x5D3;&#x5E8;.</subfield>
  </datafield>
  <datafield tag="880" ind1=" " ind2=" ">
    <subfield code="6">260-04/(2/r</subfield>
    <subfield code="a">&#x5D9;&#x5E8;&#x5D5;&#x5E9;&#x5DC;&#x5D9;&#x5DD; :</subfield>
    <subfield code="b">&#x5D1;&#x5D4;&#x5D5;&#x5E6;&#x5D0;&#x5D5;&#x5EA; &#x5D4;&#x5D9;&#x5E9;&#x5D9;&#x5D1;&#x5D4; &#x5F4;&#x5D4;&#x5D9;&#x5DB;&#x5DC; &#x5D4;&#x5D1;&#x5E8;&#x5DB;&#x5D4;&#x5BE;&#x5D5;&#x5D3;&#x5DE;&#x5E9;&#x5E7; &#x5D0;&#x5DC;&#x5D9;&#x5E2;&#x5D6;&#x5E8;&#x5F4;,</subfield>
    <subfield code="c">1879 [1966 or 1967].</subfield>
  </datafield>
  <datafield tag="880" ind1="0" ind2=" ">
    <subfield code="6">700-05/(2/r</subfield>
    <subfield code="a">&#x5D9;&#x5E6;&#x5D7;&#x5E7; &#x5D9;&#x5D4;&#x5D5;&#x5D3;&#x5D4; &#x5D9;&#x5D7;&#x5D9;&#x5D0;&#x5DC;,</subfield>
    <subfield code="c">&#x5DE;&#x5E7;&#x5D0;&#x5DE;&#x5E8;&#x5E0;&#x5D0;.</subfield>
  </datafield>
  <datafield tag="880" ind1="0" ind2=" ">
    <subfield code="6">740-06/(2/r</subfield>
    <subfield code="a">&#x5D6;&#x5DB;&#x5E8;&#x5D5;&#x5DF; &#x5D3;&#x5D1;&#x5E8;&#x5D9;&#x5DD;.</subfield>
  </datafield>
  <datafield tag="999" ind1=" " ind2=" ">
    <subfield code="c">33867</subfield>
    <subfield code="d">33867</subfield>
  </datafield>
</record>
